00481 2200181 4500001002100000005001500021008004100036020001800077035001900095041000700114082001400121090002000135100001600155245004900171260004100220300002200261650001600283INLIS00000000000077620241224112229241224||||||||| | ||| |||| || |  a979-3654-72-4 0010-1224000776 aid0 a297.313 1 a297.313 1 AMR u0 aAmru Khalid00aUngkapan Hati Untukmu Wahai Para Hamba Allah aJakartabRaja Grafindo Persadac2005 aIX,246 hlm.;19 cm 0aAgama Islam